Fast Typing 20 words - Statistics

General Stats
  • This quiz has been taken 68 times
  • The average score is 17 of 20
Answer Stats
Hint Answer % Correct
Lions Lions
100%
Heavy Heavy
98%
Living Living
98%
Cells Cells
96%
Culture Culture
94%
Impossible Impossible
94%
Information Information
94%
Columns Columns
89%
Suicide Suicide
89%
Phenomenon Phenomenon
87%
Artificial Artificial
85%
Cause Cause
85%
Commit Commit
85%
League League
83%
Revoke Revoke
83%
Velcro Velcro
75%
Surrounded Surrounded
74%
Yellow Yellow
72%
Fetch Fetch
70%
Djibouti Djibouti
57%
No matching quizzes found
Score Distribution
Percent of People with Each Score
Percentile by Number Answered
Your Score History
You have not taken this quiz